Strategic human resource management:contemporary issues / (Record no. 3707)

000 -LEADER
fixed length control field 01475cam a22004334a 4500
001 - CONTROL NUMBER
control field 14297241
003 - CONTROL NUMBER IDENTIFIER
control field OSt
005 - DATE AND TIME OF LATEST TRANSACTION
control field 20161103112323.0
008 - FIXED-LENGTH DATA ELEMENTS--GENERAL INFORMATION
fixed length control field 060313s2007 maua b 001 0 eng
010 ## - LIBRARY OF CONGRESS CONTROL NUMBER
LC control number 2006008654
015 ## - NATIONAL BIBLIOGRAPHY NUMBER
National bibliography number GBA636808
Source bnb
016 7# - NATIONAL BIBLIOGRAPHIC AGENCY CONTROL NUMBER
Record control number 013437694
Source Uk
020 ## - INTERNATIONAL STANDARD BOOK NUMBER
International Standard Book Number 9780273681632
035 ## - SYSTEM CONTROL NUMBER
System control number (OCoLC)ocm65340924
040 ## - CATALOGING SOURCE
Original cataloging agency DLC
Transcribing agency DLC
Modifying agency DLC
042 ## - AUTHENTICATION CODE
Authentication code pcc
050 00 - LIBRARY OF CONGRESS CALL NUMBER
Classification number HF5549.M55 2007
082 00 - DEWEY DECIMAL CLASSIFICATION NUMBER
Classification number 658.3/01
Edition number 22
084 ## - OTHER CLASSIFICATION NUMBER
Classification number 85.62
Source of number bcl
084 ## - OTHER CLASSIFICATION NUMBER
Classification number CW 4700
Source of number rvk
084 ## - OTHER CLASSIFICATION NUMBER
Classification number QV 578
Source of number rvk
100 ## - MAIN ENTRY--PERSONAL NAME
Personal name Millmore,Mike
245 00 - TITLE STATEMENT
Title Strategic human resource management:contemporary issues /
Statement of responsibility, etc Mike Millmore....[et al]
260 ## - PUBLICATION, DISTRIBUTION, ETC. (IMPRINT)
Place of publication, distribution, etc Harlow :
Name of publisher, distributor, etc Financial times/Prentice Hall,
Date of publication, distribution, etc 2007.
300 ## - PHYSICAL DESCRIPTION
Extent xxv, 572 p. :
Other physical details ill. ;
Dimensions 25 cm.
504 ## - BIBLIOGRAPHY, ETC. NOTE
Bibliography, etc Includes bibliographical references and index.
650 #0 - SUBJECT ADDED ENTRY--TOPICAL TERM
Topical term or geographic name as entry element Personnel management.
650 #0 - SUBJECT ADDED ENTRY--TOPICAL TERM
Topical term or geographic name as entry element Strategic planning.
655 #7 - INDEX TERM--GENRE/FORM
Genre/form data or focus term Aufsatzsammlung.
Source of term swd
700 ## - ADDED ENTRY--PERSONAL NAME
Personal name Lewis,Philip
700 ## - ADDED ENTRY--PERSONAL NAME
Personal name Saunders,Mark N.
700 ## - ADDED ENTRY--PERSONAL NAME
Personal name Thornhill,Adrian
700 ## - ADDED ENTRY--PERSONAL NAME
Personal name Morrow,Trevor
856 42 - ELECTRONIC LOCATION AND ACCESS
Materials specified Contributor biographical information
Uniform Resource Identifier <a href="http://www.loc.gov/catdir/enhancements/fy0802/2006008654-b.html">http://www.loc.gov/catdir/enhancements/fy0802/2006008654-b.html</a>
856 42 - ELECTRONIC LOCATION AND ACCESS
Materials specified Publisher description
Uniform Resource Identifier <a href="http://www.loc.gov/catdir/enhancements/fy0802/2006008654-d.html">http://www.loc.gov/catdir/enhancements/fy0802/2006008654-d.html</a>
906 ## - LOCAL DATA ELEMENT F, LDF (RLIN)
a 7
b cbc
c orignew
d 1
e ecip
f 20
g y-gencatlg
942 ## - ADDED ENTRY ELEMENTS (KOHA)
Source of classification or shelving scheme
Koha item type Book
Holdings
Withdrawn status Lost status Source of classification or shelving scheme Damaged status Not for loan Home library Current library Shelving location Date acquired Total Checkouts Full call number Barcode Date last seen Date checked out Copy number Price effective from Koha item type
          Riara University Library Riara University Library General stack 03/11/2016 2 HF5549.M55 2007 7206/16 15/02/2021 13/01/2021 C.1 03/11/2016 Book

Riara University Library,
P.O. Box 49940-00100,
Nairobi, Kenya.